00545nam a2200193 a 4500001001300000003000900013005001700022008004100039020001000080082001600090100002400106245002200130260004100152300000800193500003500201505006800236650002300304700002400327nice12345678IN_TiNIC20260116011539.0050524s0000 taba grp 000 0 per  ac10000a181.07bTUR aTurbati, Mohd Jawad aSadruddin Shirazi aTabriz(iran)bSaadi Book Depotc0000 a41p aincludes index and biblioraphy2 aAramaic Approach to the Four Gospels By Archdeacon Barkat Ullah aPhilosophy-Islamic1 aTurbati, Mohd Jawad